| 000 | 00599nam a22001817a 4500 | ||
|---|---|---|---|
| 005 | 20240626165222.0 | ||
| 010 | _aENG-140719 | ||
| 020 |
_a9789394915251 _c1380.00 |
||
| 035 | _aEN-124251 | ||
| 037 | _bDBAD | ||
| 082 | _a337.5405 | ||
| 245 | 0 | 0 |
_aThirty Years of Asean-India Relations: _cEdited by Prabir De _bTowards Indo-Pacific/ |
| 260 |
_aNew Delhi _bKW Publishers _c2023 |
||
| 270 |
_a4676/21, First Floor, Ansari Road, Daryaganj, _bNew Delhi _e110002 |
||
| 300 |
_axxxi,608p. _c24cm(Hb) _bill. |
||
| 700 |
_aDe, Prabir _eEditor _967812 |
||
| 942 |
_2ddc _cEN _h337.5405 _mTHI |
||
| 999 |
_c203758 _d203758 |
||